00246nam a2200085Ia 4500008004100000100001800041245004800059260004400107300000900151190216s9999||||xx |||||||||||||| ||und|| aSherlekar S A 0aModern Business Organisation And Management bMcgraw-Hill International Editionc1982 a942p